Most common female names starting with E - Statistics

General Stats
  • This quiz has been taken 349 times
  • The average score is 33 of 100
Answer Stats
Hint Answer % Correct
3 Emma
96%
22 Eliza
92%
1 Elizabeth
89%
7 Ella
89%
2 Emily
87%
10 Eva
85%
36 Eve
84%
47 Elle
82%
16 Ellie
80%
5 Evelyn
70%
8 Ellen
69%
26 Elisa
68%
4 Erin
67%
14 Esther
66%
15 Elena
64%
6 Erica
64%
21 Emilia
60%
42 Elsa
59%
17 Edith
58%
11 Eleanor
57%
54 Evie
56%
18 Elise
53%
9 Elaine
49%
28 Elisabeth
48%
12 Erika
46%
20 Edna
45%
64 Emmy
44%
67 Esme
44%
32 Eloise
41%
25 Elsie
41%
27 Ethel
41%
13 Eileen
40%
24 Eden
39%
80 Elia
39%
88 Emmie
39%
29 Ebony
38%
84 Evelin
38%
69 Ester
36%
19 Eliana
35%
35 Evangeline
35%
30 Everly
34%
90 Effie
32%
43 Emilie
32%
77 Essie
32%
60 Etta
32%
99 Ellis
30%
45 Ember
30%
51 Elissa
28%
59 Estelle
28%
34 Elaina
25%
72 Elana
25%
31 Emery
25%
23 Esmeralda
25%
49 Estella
25%
75 Edwina
24%
55 Eugenia
24%
62 Elvira
23%
33 Emerson
23%
76 Evangelina
23%
39 Eunice
22%
44 Elyse
21%
40 Ericka
20%
56 Elisha
19%
71 Emerald
18%
91 Elliot
17%
98 Emmaline
17%
82 Elyssa
16%
57 Erma
14%
79 Eryn
14%
58 Evelynn
14%
81 Elliott
13%
61 Emelia
13%
68 Emory
13%
38 Emilee
12%
50 Ernestine
12%
63 Elianna
11%
37 Elliana
11%
73 Emmalyn
11%
53 Estrella
11%
46 Emersyn
10%
52 Esperanza
10%
48 Everleigh
10%
93 Eleni
9%
86 Elinor
9%
87 Elora
9%
74 Eula
9%
92 Eboni
8%
66 Elva
8%
41 Emely
7%
85 Estela
7%
95 Everlee
7%
97 Emani
6%
65 Essence
6%
100 Emerie
4%
70 Emmalee
4%
89 Estefania
4%
96 Earline
3%
94 Elvia
3%
78 Earnestine
2%
83 Earlene
1%
No matching quizzes found
Score Distribution
Percent of People with Each Score
Percentile by Number Answered
Your Score History
You have not taken this quiz